| 000 | 00968nam0a22002771 4500 | ||
|---|---|---|---|
| 001 | rc\656481 | ||
| 005 | 20250621201313.0 | ||
| 035 | _a(NLR Aleph) 005896066 | ||
| 090 |
_a6227568 _c6227568 |
||
| 100 | _a20031121d1986 |||y0rusy50 ca | ||
| 101 | 0 | _arus | |
| 102 | _aRU | ||
| 105 | _aa ||||||||| | ||
| 200 | 1 |
_aДетекторы слабого излучения в астрономии _fМ. Эклз, Э.Сим, К. Триттон _gПеревод с англ. А.Э. Гурьянова, А.А. Токовинина _gПод ред. П.В. Щеглова |
|
| 210 |
_aМ. _cМир _d1986 |
||
| 215 |
_a200 с. _cил. _d22 |
||
| 300 | _aПеревод изд.: Low light level detectors etc.) | ||
| 320 | _aБиблиогр. в конце глав | ||
| 700 | 1 |
_aЭклз _bМ.Д. |
|
| 701 | 1 |
_aСим _bЭ.М. |
|
| 701 | 1 |
_aТриттон _bК.П. |
|
| 801 | 0 |
_aRU _bNLR _gpsbo |
|
| 801 | 1 |
_aRU _bELAR _2rusmarc |
|
| 852 |
_aNLR _j86-5/620 |
||
| 942 | _cBOOK | ||
| 980 | _aNB | ||